Personnages de SMG4 - Statistiques

Statistiques générales
  • Ce quiz a été pris 74 fois
  • Le résultat moyen est 13 sur 15
Statistiques - réponses
Indices Personnages % Correct
Ennemi du personnage ci-dessus SMG3
100%
Nom de la chaine SMG4
100%
Inkling devenue humaine Meggy
96%
Japonaise avec un marteau Saiko
96%
Jeune fille pastèque Melony
94%
Personnage avec des sabres a la place des mains Bob
92%
L'Avatar Mario
92%
Gameuse professionelle Tari
92%
Frère de l'avatar Luigi
87%
Personnage rectangle et bleu SMG1
87%
Personnage rond et jaune SMG2
87%
Spike aimant les animés Boopkins
81%
Champignon avec une tete mordue Shroomy
75%
Grand ennemi SMG0
65%
fourchette vendeur de lait Jeeves
38%
Aucun quiz correspondant
Distribution des résultats
% des personnes avec chaque résultat
Percentile par nombre de réponses
Votre historique - résultats
Vous n’avez pas pris ce quiz